000 01868cam a22006134i 4500
003 PE-LiUPU
005 20250731170428.0
008 190814s2013 mx a rb 001 0 spa d
020 _a6071716853
020 _a9786071716859
035 _a(Sirsi) a252471
040 _aPE-LiUPU
_bspa
_cPE-LiUPU
_erda
049 _aPRUA
082 0 4 _a155.25
_bG25
_223
100 1 _aGarduño Estrada, Horacio,
_eautor.
245 1 0 _a¿Cómo desarrollar las competencias intelectuales? /
_cHoracio Garduño Estrada.
264 1 _aMéxico :
_bTrillas,
_c2013.
300 _a167 páginas :
_bilustraciones ;
_c23 centímetros
336 _atext
_2rdacontent
337 _aunmediated
_2rdamedia
338 _avolume
_2rdacarrier
504 _aBibliografía: páginas 155-157.
504 _aÍndice: páginas 159-167.
505 0 _aAprender a ser -- Aprender a aprender -- Aprender a pensar -- Aprender a comunicarse -- Aprender a crear.
526 _aSEG68
526 _aSEG70
526 _aSEG69
526 _aSEG67
526 _aSEG43
526 _aP144
526 _aP143
526 _aP131
526 _aP122
526 _aP120
526 _aP117
526 _aP112
526 _aP110
526 _aP106
526 _aP101
526 _aP80
526 _aP59
526 _aP54
526 _aP35
526 _aP33
526 _aP30
541 _g002-00001570;
650 0 4 _aAutoeducación.
_91729
650 0 4 _aConducta de vida.
_9973
910 _abgr
_bksl
_cksl
_d20190814
942 _2ddc
_cBOOK
994 _aC0
_bPEPRU
596 _a1
999 _a155.25 G25
_wDEWEY
_c31697
_i80538
_d31697
_f2021-11-3
_g3
_lCCODEBUL1
_mBUL
_p19.74
_q2
_r0
_sY
_tBOOK
_u2019-8-14
_xSALUD
_zP33
_0COMPRA
_1FCOMPR3
_o.STAFF. Colección Ciencias de la Salud
980 _81
_gALBERTO SANCHEZ Responsable de Automatización